000 01248njm a22003017a 4500
005 2010090907487.0
007 sd ammalaaahaa
008 100904t xxu||||| |||| 00| 0 hin d
028 _aGE. 31202
_bColumbia
028 _aCKP. 232
_bColumbia
028 _aCKP. 233
_bColumbia
035 _aGR-01525
040 _aSED/VEN
100 _aNahid
_91184
245 _aMaikhana; Part-1:
_bHindustani /
_cby Nahid; Music Dtn.by Naushad; Lyric by Nakhshab
_h[Sound Recording] :
246 _aमैखाना (नाहिद)
260 _aDum Dum, India :
_bColumbia
300 _a1 sound disc [Gramophone Recording] :
_banalog, 33 1/3 rpm ;
_c10 in.
_fGramophone Records
500 _aBrief Records
505 _aSong Side-1;एक अपना एक बेगाना (मैखाना) (नाहिद), Song Side-2; छोड़ न देना साथ (नसीम बेगम) Part 2
650 _aClassical Music
_xExcerpts
_zIndia
_918309
700 _918319
_aNaseem Begum
700 _918320
700 _919056
942 _2ddc
_cGR
999 _c44768
_d44768